[Event "ODJM B 2019"]
[Site "Willingen GER"]
[Date "2019.06.14"]
[Round "8"]
[White "Aumüller, Naum"]
[Black "Halle, Julia"]
[Result "1-0"]
[Termination "normal"]
[Board "35"]
[WhiteElo "1685"]
[BlackElo "1634"]
[PlyCount "85"]
[WhiteFideId "16263960"]
[BlackFideId "24694940"]
[EventCountry "GER"]
[EventRounds "9"]
[EventType "swiss"]
[EventDate "2019.06.08"]

1. e4 c5 2. Nf3 Nc6 3. d4 cxd4 4. Nxd4 g6 5. Nc3 Bg7 6. Be3 Nf6 7. Bc4 O-O 8.
f3 d6 9. Qd2 a6 10. h4 Nxd4 11. Bxd4 Qc7 12. Bb3 b5 13. Bxf6 exf6 14. Nd5 Qa7
15. Qf4 f5 16. h5 Be6 17. hxg6 fxg6 18. Qxd6 Rae8 19. O-O-O fxe4 20. fxe4 Bf7
21. Qh2 h5 22. g4 Rxe4 23. gxh5 gxh5 24. Rdg1 Qd4 25. c3 Qe5 26. Qg2 Rg4 27.
Qd2 Rxg1+ 28. Rxg1 Kh7 29. Bc2+ Kh8 30. Qd3 Bg8 31. Qg6 Rf7 32. Nb4 Qe3+ 33.
Kb1 Qh6 34. Qxh6+ Bxh6 35. Nxa6 Rg7 36. Rh1 Rg5 37. Bd3 Bd5 38. Re1 Bf3 39. Nc7
h4 40. Re8+ Kg7 41. Ne6+ Kf7 42. Nxg5+ Kxe8 43. Nxf3 1-0

[Event "ODJM B 2019"]
[Site "Willingen GER"]
[Date "2019.06.14"]
[Round "8"]
[White "Fricke, Janek Konrad"]
[Black "Grunert, Wilhelm"]
[Result "0-1"]
[Termination "normal"]
[Board "36"]
[WhiteElo "1561"]
[BlackElo "1749"]
[PlyCount "38"]
[WhiteFideId "12997471"]
[BlackFideId "12995673"]
[EventCountry "GER"]
[EventRounds "9"]
[EventType "swiss"]
[EventDate "2019.06.08"]

1. e4 c5 2. d4 cxd4 3. c3 dxc3 4. Nxc3 d6 5. Bc4 Nc6 6. Nf3 Bg4 7. Bxf7+ Kd7 8.
Qb3 Qb6 9. Bxg8 e6 10. Bf7 Qxb3 11. axb3 Ke7 12. Ng5 h6 13. Bxe6 Bxe6 14. Nxe6
Kxe6 15. Be3 Be7 16. Nb5 Kd7 17. Nxa7 Nxa7 18. Rxa7 Rxa7 19. Bxa7 Ra8 0-1

[Event "ODJM B 2019"]
[Site "Willingen GER"]
[Date "2019.06.14"]
[Round "8"]
[White "Kovac, Linda"]
[Black "Schilay, Maria"]
[Result "1/2-1/2"]
[Termination "normal"]
[Board "37"]
[WhiteElo "1718"]
[BlackElo "1415"]
[PlyCount "88"]
[WhiteFideId "12938815"]
[BlackFideId "12942979"]
[EventCountry "GER"]
[EventRounds "9"]
[EventType "swiss"]
[EventDate "2019.06.08"]

1. d4 d5 2. Nf3 e6 3. Bf4 Nf6 4. e3 c5 5. c4 cxd4 6. exd4 dxc4 7. Bxc4 Bd6 8.
Ne5 Qc7 9. Bb5+ Bd7 10. Nxd7 Nbxd7 11. Bxd6 Qxd6 12. Nc3 Nd5 13. O-O O-O 14.
Ne4 Qf4 15. Qe2 Rfd8 16. g3 Qc7 17. Rac1 Qb6 18. Nc5 N7f6 19. a4 Nc7 20. Rfd1
Nxb5 21. axb5 Rd5 22. Rc2 Rad8 23. Rcd2 Qc7 24. Rc2 Qe7 25. Qf3 b6 26. Ne4 Nxe4
27. Qxe4 Qd7 28. Rdc1 h6 29. Rc7 Qxb5 30. Rxa7 Rxd4 31. Qf3 R4d7 32. Rcc7 Rxc7
33. Rxc7 Rd7 34. Rc8+ Kh7 35. Qe4+ g6 36. Qc2 Qd5 37. Qc3 Qd4 38. Qa3 Qd1+ 39.
Kg2 Qd5+ 40. Kh3 Qf5+ 41. Kg2 Rd2 42. Qe3 Qd5+ 43. Kh3 Qh5+ 44. Kg2 Qd5+
1/2-1/2

[Event "ODJM B 2019"]
[Site "Willingen GER"]
[Date "2019.06.14"]
[Round "8"]
[White "Raasch, Hauke"]
[Black "Scheidt, Mike Niklas"]
[Result "0-1"]
[Termination "normal"]
[Board "38"]
[WhiteElo "1614"]
[BlackElo "1557"]
[PlyCount "76"]
[WhiteFideId "16210034"]
[BlackFideId "12965235"]
[EventCountry "GER"]
[EventRounds "9"]
[EventType "swiss"]
[EventDate "2019.06.08"]

1. Nf3 d5 2. d4 e6 3. g3 f5 4. Bg2 Nf6 5. O-O Be7 6. c4 c6 7. Nc3 O-O 8. Ne5
Ne4 9. e3 Nd7 10. f4 Nxe5 11. dxe5 b6 12. Nxe4 fxe4 13. Qa4 Bb7 14. Rd1 Qc7 15.
Bd2 Rfd8 16. Rac1 c5 17. Bh3 Kf7 18. Bc3 d4 19. exd4 cxd4 20. Bxd4 Rxd4 21.
Rxd4 Bc5 22. Qd1 Rd8 23. Qh5+ Kg8 24. Bxe6+ Kh8 25. Rcd1 Bxd4+ 26. Rxd4 Qc5 27.
Bf5 Qxd4+ 28. Kg2 e3+ 29. Kh3 g6 30. Bxg6 Qd7+ 31. f5 e2 32. e6 Qe7 33. f6
Qxe6+ 34. Bf5 Qxf5+ 35. Qxf5 e1=Q 36. Qg5 Qe6+ 37. g4 Rd3+ 38. Kh4 Qe1+ 0-1

[Event "ODJM B 2019"]
[Site "Willingen GER"]
[Date "2019.06.14"]
[Round "8"]
[White "Ostra, Noah"]
[Black "Kruse, Hannes"]
[Result "1-0"]
[Termination "normal"]
[Board "39"]
[WhiteElo "1773"]
[BlackElo "1362"]
[PlyCount "45"]
[WhiteFideId "16228979"]
[BlackFideId "16254660"]
[EventCountry "GER"]
[EventRounds "9"]
[EventType "swiss"]
[EventDate "2019.06.08"]

1. e4 e5 2. Nf3 Nc6 3. Bb5 Bc5 4. O-O Nf6 5. Re1 Qe7 6. h3 Bxf2+ 7. Kxf2 Qc5+
8. d4 Qxb5 9. d5 Ne7 10. Nxe5 Qc5+ 11. Be3 Nxe4+ 12. Kg1 Qd6 13. Bf4 Qb6+ 14.
Kh2 Qxb2 15. Nd2 Nxd2 16. Qxd2 Qb5 17. c4 Qb6 18. Rab1 Qf6 19. Bg5 Qd6 20. Bxe7
Kxe7 21. c5 Qa6 22. Qg5+ f6 23. Qxg7+ 1-0

[Event "ODJM B 2019"]
[Site "Willingen GER"]
[Date "2019.06.14"]
[Round "8"]
[White "Tran, Minh Dat"]
[Black "Senechal, Niklas Bennett"]
[Result "1/2-1/2"]
[Termination "normal"]
[Board "40"]
[WhiteElo "1573"]
[BlackElo "1470"]
[PlyCount "81"]
[WhiteFideId "16244702"]
[BlackFideId "16231180"]
[EventCountry "GER"]
[EventRounds "9"]
[EventType "swiss"]
[EventDate "2019.06.08"]

1. c4 c6 2. d4 d5 3. Nc3 Nf6 4. Nf3 Bf5 5. Bf4 e6 6. e3 Bb4 7. Bd3 Ne4 8. Bxe4
Bxe4 9. O-O Bxc3 10. bxc3 dxc4 11. Ne5 b5 12. Qh5 O-O 13. f3 Bg6 14. Nxg6 hxg6
15. Qc5 Qd5 16. Qe7 Qd7 17. Qa3 Re8 18. e4 Qe7 19. Bd6 Qb7 20. Qa5 Nd7 21. e5
Nb6 22. Rfb1 Nd5 23. a4 a6 24. Ra2 Qb6 25. Qxb6 Nxb6 26. a5 Nd5 27. Rc2 Red8
28. Bc5 Rab8 29. g3 Rbc8 30. Kf2 Rd7 31. Ke2 Ne7 32. g4 g5 33. Rh1 f6 34. Bxe7
Rxe7 35. h4 fxe5 36. dxe5 Rd7 37. hxg5 g6 38. f4 Rd3 39. Rf1 Rf8 40. Rd2 Rd5
41. Rxd5 1/2-1/2

[Event "ODJM B 2019"]
[Site "Willingen GER"]
[Date "2019.06.14"]
[Round "8"]
[White "Bräutigam, Alexander"]
[Black "Reyher, Susan"]
[Result "1/2-1/2"]
[Termination "normal"]
[Board "41"]
[WhiteElo "1396"]
[BlackElo "1714"]
[PlyCount "99"]
[WhiteFideId "16245210"]
[BlackFideId "24686107"]
[EventCountry "GER"]
[EventRounds "9"]
[EventType "swiss"]
[EventDate "2019.06.08"]

1. d4 d5 2. c4 dxc4 3. e3 e6 4. Bxc4 a6 5. a4 Nf6 6. Nc3 c5 7. Nf3 Nc6 8. O-O
cxd4 9. Nxd4 Ne5 10. Ba2 Be7 11. Qe2 O-O 12. Rd1 Qc7 13. Bd2 Neg4 14. Nf3 e5
15. Rac1 Qb8 16. e4 b5 17. Nd5 Bd6 18. h3 Nxf2 19. Kxf2 Qa7+ 20. Qe3 Nxe4+ 21.
Kf1 Nxd2+ 22. Rxd2 Qxe3 23. Nxe3 Bb4 24. Rdc2 bxa4 25. Ke2 a3 26. Nxe5 axb2 27.
Rb1 a5 28. Nxf7 Ba6+ 29. Kd1 Rxf7 30. Bxf7+ Kxf7 31. Rbxb2 Rd8+ 32. Kc1 Ba3 33.
Rc7+ Kf8 34. Ra7 Bxb2+ 35. Kxb2 Rd6 36. Ra8+ Kf7 37. Nf5 Rb6+ 38. Kc3 Bb7 39.
Rxa5 Bxg2 40. h4 Kf6 41. Ne3 Rc6+ 42. Kd3 Rd6+ 43. Ke2 Be4 44. Ng4+ Kf7 45. Ke3
Bd5 46. Kf4 Ke6 47. Ne3 g6 48. Nxd5 Rxd5 49. Rxd5 Kxd5 50. Kg5 1/2-1/2

[Event "ODJM B 2019"]
[Site "Willingen GER"]
[Date "2019.06.14"]
[Round "8"]
[White "Lohrmann, Tabea"]
[Black "Mainka, Ingmar"]
[Result "1-0"]
[Termination "normal"]
[Board "42"]
[WhiteElo "1549"]
[BlackElo "1209"]
[PlyCount "79"]
[WhiteFideId "12911941"]
[BlackFideId "16254937"]
[EventCountry "GER"]
[EventRounds "9"]
[EventType "swiss"]
[EventDate "2019.06.08"]

1. e4 c5 2. Nf3 Nc6 3. d4 cxd4 4. Nxd4 g6 5. Nc3 Bg7 6. Be3 Nf6 7. f3 O-O 8.
Qd2 d5 9. O-O-O dxe4 10. Nxc6 Qxd2+ 11. Rxd2 bxc6 12. Nxe4 Nxe4 13. fxe4 Be6
14. a3 a5 15. b3 Rfc8 16. c4 Rab8 17. Kc2 Rd8 18. Rxd8+ Rxd8 19. Bb6 Ra8 20.
Be2 f5 21. exf5 Bxf5+ 22. Bd3 Bxd3+ 23. Kxd3 Rb8 24. c5 a4 25. bxa4 Ra8 26. a5
Bb2 27. a4 Kf7 28. Rd1 Ba3 29. Kc4 Bb2 30. Rd8 Ra6 31. Rc8 e5 32. Rxc6 e4 33.
Rc7+ Kf8 34. Rc8+ Ke7 35. Rc7+ Kf8 36. Ra7 e3 37. Kd3 Rxa7 38. Bxa7 Bd4 39. Bb6
e2 40. Kxe2 1-0

[Event "ODJM B 2019"]
[Site "Willingen GER"]
[Date "2019.06.14"]
[Round "8"]
[White "Rempe, Mieke"]
[Black "Diegel, Yannick"]
[Result "0-1"]
[Termination "normal"]
[Board "43"]
[WhiteElo "1469"]
[BlackElo "1411"]
[PlyCount "56"]
[WhiteFideId "16202384"]
[BlackFideId "16222563"]
[EventCountry "GER"]
[EventRounds "9"]
[EventType "swiss"]
[EventDate "2019.06.08"]

1. e4 c5 2. Nf3 Nc6 3. d4 cxd4 4. Nxd4 g6 5. Nc3 Bg7 6. Nxc6 bxc6 7. Bc4 d6 8.
O-O Nf6 9. Kh1 O-O 10. f4 Nd7 11. f5 Ne5 12. fxg6 Nxc4 13. gxh7+ Kh8 14. Qh5
Qa5 15. Qh4 Qe5 16. Rf3 f5 17. Bf4 Qe6 18. Re1 Ne5 19. Bxe5 Bxe5 20. exf5 Qf6
21. Qh5 Rb8 22. Ne4 Qf7 23. Qg5 Rxb2 24. Ref1 Ba6 25. Rg1 Rxc2 26. Ra3 Rxa2 27.
Rxa2 Qxa2 28. Qxe7 Qf7 0-1

[Event "ODJM B 2019"]
[Site "Willingen GER"]
[Date "2019.06.14"]
[Round "8"]
[White "de Veer, Mara"]
[Black "Unbehend, Marius"]
[Result "1/2-1/2"]
[Termination "normal"]
[Board "45"]
[WhiteElo "1379"]
[BlackElo "1395"]
[PlyCount "46"]
[WhiteFideId "16217349"]
[BlackFideId "16214420"]
[EventCountry "GER"]
[EventRounds "9"]
[EventType "swiss"]
[EventDate "2019.06.08"]

1. e4 e6 2. d4 d5 3. exd5 exd5 4. c4 Bb4+ 5. Bd2 Bxd2+ 6. Nxd2 Nf6 7. Ngf3 O-O
8. Be2 Nc6 9. O-O Bg4 10. h3 Bf5 11. Rc1 Re8 12. Re1 Qd7 13. Nb3 Rad8 14. cxd5
Qxd5 15. Bc4 Rxe1+ 16. Qxe1 Qe4 17. Qxe4 Bxe4 18. Ne5 Nxe5 19. dxe5 Ne8 20. e6
fxe6 21. Bxe6+ Kh8 22. Re1 Nd6 23. Nc5 Bc6 1/2-1/2

[Event "ODJM B 2019"]
[Site "Willingen GER"]
[Date "2019.06.14"]
[Round "8"]
[White "Heß, Wadim"]
[Black "Feidt, Jonas"]
[Result "0-1"]
[Termination "normal"]
[Board "46"]
[WhiteElo "1360"]
[BlackElo "1622"]
[PlyCount "120"]
[WhiteFideId "16266129"]
[BlackFideId "16243617"]
[EventCountry "GER"]
[EventRounds "9"]
[EventType "swiss"]
[EventDate "2019.06.08"]

1. e4 c6 2. Nc3 d5 3. Nf3 Bg4 4. h3 Bxf3 5. Qxf3 e6 6. d3 Bd6 7. Be2 Nf6 8. Bf4
Bxf4 9. Qxf4 Nbd7 10. e5 Ng8 11. d4 Ne7 12. Qd2 a6 13. Nd1 c5 14. c3 Nc6 15.
Ne3 O-O 16. f4 Qh4+ 17. Kd1 Qxf4 18. Rf1 Qh4 19. Nc2 cxd4 20. cxd4 Rac8 21. Rf4
Qe7 22. Bd3 f5 23. Ke2 Nb6 24. b3 a5 25. Rg1 Rf7 26. g4 Rcf8 27. g5 g6 28. h4
Nb4 29. Nxb4 Qxb4 30. Qe3 Rc8 31. Kf2 a4 32. h5 Rcc7 33. Qh3 Qd2+ 34. Kg3 Qxd3+
35. Rf3 Qxf3+ 36. Kxf3 Rc3+ 37. Kg2 Rxh3 38. Kxh3 axb3 39. axb3 Rc7 40. Rg3 Kg7
41. h6+ Kf7 42. Rd3 Ke7 43. Kg3 Kd7 44. Kf4 Rc1 45. Rf3 Rg1 46. Rg3 Rxg3 47.
Kxg3 Kc6 48. Kf3 Kb5 49. Ke3 Kb4 50. Kd2 Kxb3 51. Kd3 Na4 52. Kd2 Kc4 53. Ke3
Kc3 54. Kf4 Kxd4 55. Kf3 Kxe5 56. Ke3 f4+ 57. Kf3 b5 58. Kg4 b4 59. Kf3 b3 60.
Kg4 b2 0-1

[Event "ODJM B 2019"]
[Site "Willingen GER"]
[Date "2019.06.14"]
[Round "8"]
[White "Hungeling, David"]
[Black "Lohrmann, Linus"]
[Result "1-0"]
[Termination "normal"]
[Board "47"]
[WhiteElo "1566"]
[BlackElo "1366"]
[PlyCount "71"]
[WhiteFideId "16222440"]
[BlackFideId "12982857"]
[EventCountry "GER"]
[EventRounds "9"]
[EventType "swiss"]
[EventDate "2019.06.08"]

1. e4 e5 2. Nf3 Nc6 3. Bb5 a6 4. Ba4 Bc5 5. c3 b5 6. Bb3 Nf6 7. O-O d6 8. d4
exd4 9. cxd4 Bb6 10. Bg5 h6 11. Bh4 g5 12. Bg3 g4 13. e5 gxf3 14. Qxf3 Bxd4 15.
exf6 Bd7 16. Bd5 Ne5 17. Bxe5 dxe5 18. Bxa8 Bxb2 19. Nd2 Bxa1 20. Rxa1 Rg8 21.
Bc6 Qb8 22. Bxd7+ Kxd7 23. Qd5+ Kc8 24. Qxf7 Kb7 25. Qd5+ Ka7 26. Qxe5 Qb7 27.
Qe4 Qb6 28. Qe3 c5 29. Qe7+ Ka8 30. f7 Qg6 31. fxg8=Q+ Qxg8 32. Qxc5 Qg6 33.
Rc1 h5 34. Qc8+ Ka7 35. Qd7+ Kb6 36. Qc7# 1-0

[Event "ODJM B 2019"]
[Site "Willingen GER"]
[Date "2019.06.14"]
[Round "8"]
[White "Reuter, Marek"]
[Black "Bendtschneider, Nils"]
[Result "1-0"]
[Termination "normal"]
[Board "48"]
[WhiteElo "1553"]
[BlackElo "1219"]
[PlyCount "119"]
[WhiteFideId "16226712"]
[BlackFideId "16245180"]
[EventCountry "GER"]
[EventRounds "9"]
[EventType "swiss"]
[EventDate "2019.06.08"]

1. e4 e5 2. Bc4 Bc5 3. Nf3 Nc6 4. c3 d6 5. d4 exd4 6. cxd4 Bb4+ 7. Nc3 Bg4 8.
d5 Ne5 9. Qa4+ Kf8 10. Qxb4 Bxf3 11. gxf3 Nxf3+ 12. Kd1 Qh4 13. Qxb7 Rd8 14.
Qxc7 g6 15. Be3 Kg7 16. Be2 Ne5 17. Bd4 Nf6 18. Bxe5 dxe5 19. Qxe5 Rhe8 20. Qg3
Qxg3 21. fxg3 Nxe4 22. Nxe4 Rxd5+ 23. Nd2 Red8 24. Ke1 Rxd2 25. Rd1 Rxd1+ 26.
Bxd1 f5 27. Kf2 Rd2+ 28. Ke3 Rxb2 29. Bb3 a5 30. Kd3 a4 31. Kc3 Rf2 32. Bc2 Kf6
33. a3 Kg5 34. Bxa4 Kg4 35. Bb5 h5 36. a4 h4 37. gxh4 Kxh4 38. a5 f4 39. Kb4 g5
40. Kc5 g4 41. Kb6 Kg5 42. a6 g3 43. hxg3 fxg3 44. a7 Ra2 45. Ba6 Rb2+ 46. Kc5
Rc2+ 47. Kd6 Rd2+ 48. Ke7 g2 49. a8=Q gxh1=Q 50. Qxh1 Kg4 51. Qg1+ Kf5 52. Qe3
Rb2 53. Bd3+ Kg4 54. Qd4+ Kf3 55. Qxb2 Ke3 56. Qe5+ Kd2 57. Qd4 Ke1 58. Qe3+
Kd1 59. Qe2+ Kc1 60. Qc2# 1-0

[Event "ODJM B 2019"]
[Site "Willingen GER"]
[Date "2019.06.14"]
[Round "8"]
[White "Brunauer, Simon"]
[Black "Borgmann, Simon"]
[Result "1/2-1/2"]
[Termination "normal"]
[Board "49"]
[WhiteElo "1607"]
[BlackElo "1583"]
[PlyCount "60"]
[WhiteFideId "16279077"]
[BlackFideId "16234677"]
[EventCountry "GER"]
[EventRounds "9"]
[EventType "swiss"]
[EventDate "2019.06.08"]

1. c4 Nf6 2. Nc3 e6 3. e3 d5 4. d4 b6 5. Nf3 Bb7 6. Be2 c5 7. b3 Be7 8. Bb2
Nbd7 9. Rc1 Rc8 10. O-O O-O 11. Qc2 Ne4 12. Bd3 f5 13. Nd2 Nxd2 14. Qxd2 Nf6
15. Ne2 Ne4 16. Qc2 Bd6 17. Bxe4 dxe4 18. Qc3 Qg5 19. dxc5 Bxc5 20. Nf4 Rce8
21. b4 Bd6 22. g3 e5 23. Ng2 Rf6 24. Qb3 Kh8 25. c5 Bc7 26. Qa4 Rb8 27. Qd7 Rc8
28. c6 Ba6 29. Rfd1 Rff8 30. a4 b5 1/2-1/2

[Event "ODJM B 2019"]
[Site "Willingen GER"]
[Date "2019.06.14"]
[Round "8"]
[White "Kamleiter, Noah"]
[Black "John, Niklas"]
[Result "0-1"]
[Termination "normal"]
[Board "50"]
[WhiteElo "1457"]
[BlackElo "1324"]
[PlyCount "50"]
[WhiteFideId "16265815"]
[BlackFideId "16234626"]
[EventCountry "GER"]
[EventRounds "9"]
[EventType "swiss"]
[EventDate "2019.06.08"]

1. e4 c5 2. Nf3 d6 3. Bb5+ Bd7 4. Bxd7+ Qxd7 5. c3 Nf6 6. Qe2 Nc6 7. d4 g6 8.
O-O Bg7 9. Bg5 O-O 10. Rd1 Rad8 11. dxc5 Qg4 12. Bxf6 Bxf6 13. cxd6 exd6 14.
Na3 Rfe8 15. Re1 d5 16. Nd2 Qe6 17. Nb5 Rd7 18. f3 Bg5 19. Rad1 dxe4 20. Nxe4
f5 21. Rd6 Rxd6 22. Nbxd6 Re7 23. Nf6+ Qxf6 24. Qc4+ Kf8 25. Rxe7 Qxe7 0-1

[Event "ODJM B 2019"]
[Site "Willingen GER"]
[Date "2019.06.14"]
[Round "8"]
[White "Borriss, Benjamin"]
[Black "Richter, Tim"]
[Result "1-0"]
[Termination "normal"]
[Board "51"]
[WhiteElo "1475"]
[BlackElo "1473"]
[PlyCount "107"]
[WhiteFideId "16266099"]
[BlackFideId "16272641"]
[EventCountry "GER"]
[EventRounds "9"]
[EventType "swiss"]
[EventDate "2019.06.08"]

1. d4 Nf6 2. c4 g6 3. Nc3 Bg7 4. e4 d6 5. f3 O-O 6. Be3 e5 7. d5 a5 8. Qd2 Na6
9. Nge2 Nc5 10. g4 Bxg4 11. fxg4 Nfxe4 12. Qc2 Qh4+ 13. Kd1 Qxg4 14. Rg1 Qf3
15. Bg2 Qxe3 16. Nxe4 Nxe4 17. Qxe4 Qxe4 18. Bxe4 f5 19. Bc2 Rae8 20. Nc3 e4
21. Ke2 Bxc3 22. bxc3 b6 23. h4 Kf7 24. Ke3 Kf6 25. Kf4 Re7 26. Rae1 Rfe8 27.
Re3 Rg7 28. Reg3 Reg8 29. R3g2 h5 30. Rg5 Rb8 31. Ba4 Rd8 32. Bd1 Rdg8 33. Bxh5
gxh5 34. Rxf5+ Ke7 35. Rxg7+ Rxg7 36. Rxh5 e3 37. Kxe3 Rf7 38. Rg5 Rh7 39. h5
Rh6 40. Kf4 Kf7 41. Rf5+ Kg7 42. Kg5 a4 43. a3 Rh8 44. Rf6 Re8 45. h6+ Kh8 46.
Rf7 Rg8+ 47. Kf6 Rd8 48. Rxc7 b5 49. cxb5 Rf8+ 50. Rf7 Rg8 51. b6 Rg7 52. hxg7+
Kg8 53. Rf8+ Kh7 54. Rh8# 1-0

[Event "ODJM B 2019"]
[Site "Willingen GER"]
[Date "2019.06.14"]
[Round "8"]
[White "Lau, Theodor"]
[Black "Schneble, Milan"]
[Result "1-0"]
[Termination "normal"]
[Board "52"]
[WhiteElo "1670"]
[BlackElo "1425"]
[PlyCount "39"]
[WhiteFideId "12946524"]
[BlackFideId "16266102"]
[EventCountry "GER"]
[EventRounds "9"]
[EventType "swiss"]
[EventDate "2019.06.08"]

1. e4 e5 2. Nf3 Nc6 3. Bc4 Bc5 4. b4 Bd6 5. d4 Nxd4 6. Nxd4 exd4 7. Qxd4 Bxb4+
8. c3 Bf8 9. O-O Qe7 10. e5 Qc5 11. Bxf7+ Kxf7 12. Qf4+ Ke6 13. Ba3 Qxe5 14.
Qxf8 Qf6 15. Re1+ Kf5 16. Qe8 d5 17. Qh5+ g5 18. g4+ Kf4 19. Bc1+ Kf3 20. Qh3#
1-0

[Event "ODJM B 2019"]
[Site "Willingen GER"]
[Date "2019.06.14"]
[Round "8"]
[White "Lipinsky, Pierre"]
[Black "Panjer, Sidney"]
[Result "1-0"]
[Termination "normal"]
[Board "53"]
[WhiteElo "1353"]
[BlackElo "1490"]
[PlyCount "145"]
[WhiteFideId "16206290"]
[BlackFideId "16207041"]
[EventCountry "GER"]
[EventRounds "9"]
[EventType "swiss"]
[EventDate "2019.06.08"]

1. d4 d5 2. Bf4 Nf6 3. e3 Bf5 4. c4 e6 5. Nc3 c5 6. cxd5 exd5 7. Bd3 Bg6 8. Nf3
c4 9. Bxg6 fxg6 10. O-O Nc6 11. Nb5 Rc8 12. Ng5 a6 13. Ne6 Qd7 14. Nxf8 Rxf8
15. Nd6+ Ke7 16. Nxc8+ Qxc8 17. Bg5 Kf7 18. Bxf6 gxf6 19. Qf3 Qe6 20. Qh3 Qxh3
21. gxh3 Re8 22. Kh1 Re4 23. Rg1 h5 24. Rac1 g5 25. b3 Na5 26. bxc4 Nxc4 27.
Rb1 b6 28. Rg3 Kg6 29. Rb3 Kf5 30. Rf3+ Kg6 31. Rg3 Kf5 32. Kg2 h4 33. Rg4
Rxg4+ 34. hxg4+ Kxg4 35. f3+ Kf5 36. h3 b5 37. Kf2 Ke6 38. Ke2 f5 39. Kf2 Kd6
40. Rb1 Ke6 41. Rg1 Kf6 42. f4 gxf4 43. exf4 Nd6 44. Rg8 Ne4+ 45. Ke3 Nc3 46.
Ra8 Ke7 47. Rxa6 Nd1+ 48. Kf3 Nc3 49. Rh6 Nxa2 50. Rxh4 b4 51. Rh8 Kd6 52. Rb8
Kc7 53. Ra8 b3 54. Ra3 Nc1 55. Ra1 b2 56. Rb1 Nb3 57. Ke3 Na5 58. h4 Kd6 59.
Kd3 Nc4 60. h5 Ke6 61. h6 Kf7 62. Rg1 b1=Q+ 63. Rxb1 Kg6 64. Rh1 Kh7 65. Rh5
Nd6 66. Kc3 Ne4+ 67. Kb4 Ng3 68. Rh4 Ne4 69. Kb5 Nf6 70. Kc6 Ng4 71. Kxd5 Nxh6
72. Ke5 Kg6 73. Rxh6+ 1-0

[Event "ODJM B 2019"]
[Site "Willingen GER"]
[Date "2019.06.14"]
[Round "8"]
[White "Paqarizi, Endrit"]
[Black "Keck, Johannes"]
[Result "1/2-1/2"]
[Termination "normal"]
[Board "54"]
[WhiteElo "1414"]
[BlackElo "1402"]
[PlyCount "48"]
[WhiteFideId "16235827"]
[BlackFideId "16258746"]
[EventCountry "GER"]
[EventRounds "9"]
[EventType "swiss"]
[EventDate "2019.06.08"]

1. d4 Nf6 2. Nc3 g6 3. e4 d6 4. f3 Bg7 5. Be3 O-O 6. Qd2 e5 7. d5 c6 8. O-O-O
c5 9. Bh6 a6 10. Nge2 b5 11. h4 b4 12. Nb1 a5 13. h5 Qc7 14. g4 c4 15. Bxg7
Kxg7 16. hxg6 fxg6 17. Qh6+ Kg8 18. Bg2 Na6 19. g5 Ne8 20. Rdf1 Nc5 21. f4 Nd3+
22. Kd2 Nxf4 23. Rh4 Ba6 24. c3 Qb7 1/2-1/2

[Event "ODJM B 2019"]
[Site "Willingen GER"]
[Date "2019.06.14"]
[Round "8"]
[White "Kessen, Fanny"]
[Black "Fricke, Edna Marlene"]
[Result "1/2-1/2"]
[Termination "normal"]
[Board "55"]
[WhiteElo "1232"]
[BlackElo "1350"]
[PlyCount "41"]
[WhiteFideId "16217357"]
[BlackFideId "12988839"]
[EventCountry "GER"]
[EventRounds "9"]
[EventType "swiss"]
[EventDate "2019.06.08"]

1. e4 c5 2. Nc3 Nc6 3. d3 g6 4. g3 Bg7 5. Bg2 e6 6. Nge2 Nge7 7. O-O O-O 8. f4
a6 9. a4 d5 10. Bd2 Rb8 11. Qc1 b6 12. Nd1 Bb7 13. c3 Qd7 14. Rb1 Rfd8 15. Be3
dxe4 16. dxe4 Qd3 17. Re1 Na5 18. Nf2 Qd7 19. Qc2 Nc4 20. Nd1 Nxe3 21. Nxe3
1/2-1/2

[Event "ODJM B 2019"]
[Site "Willingen GER"]
[Date "2019.06.14"]
[Round "8"]
[White "Schwenke, Mia"]
[Black "Hoffmann, Alexander"]
[Result "0-1"]
[Termination "normal"]
[Board "56"]
[WhiteElo "1136"]
[BlackElo "1631"]
[PlyCount "112"]
[WhiteFideId "16263332"]
[BlackFideId "16240219"]
[EventCountry "GER"]
[EventRounds "9"]
[EventType "swiss"]
[EventDate "2019.06.08"]

1. e4 e5 2. Nf3 Nc6 3. Bc4 Bc5 4. c3 Nf6 5. d4 exd4 6. cxd4 Bb4+ 7. Bd2 Bxd2+
8. Nbxd2 d5 9. exd5 Nxd5 10. O-O O-O 11. Ne5 Nxd4 12. Nb3 Nxb3 13. Bxd5 Nxa1
14. Bxf7+ Kh8 15. Qh5 g6 16. Nxg6+ Kg7 17. Nxf8 Qxf8 18. Bb3 Nxb3 19. axb3 Qf6
20. Re1 Bf5 21. Qf3 c6 22. Qg3+ Kf8 23. Qc7 Qf7 24. Qxf7+ Kxf7 25. f3 Re8 26.
Rxe8 Kxe8 27. Kf2 c5 28. Ke3 Bc2 29. f4 Bxb3 30. f5 Kf7 31. g4 Kf6 32. Kf4 h6
33. h4 a5 34. g5+ hxg5+ 35. hxg5+ Kf7 36. Ke5 a4 37. g6+ Kg7 38. Kd6 c4 39. Kc5
c3 40. bxc3 a3 41. Kb4 a2 42. Kxb3 a1=Q 43. Kc4 Qf1+ 44. Kb4 Qxf5 45. c4 Kxg6
46. c5 Qd5 47. c6 Qxc6 48. Kb3 Qc5 49. Kb2 Qc4 50. Kb1 Qc3 51. Ka2 Qb4 52. Ka1
Kf5 53. Ka2 Ke4 54. Ka1 Kd3 55. Ka2 Kc2 56. Ka1 Qa3# 0-1

[Event "ODJM B 2019"]
[Site "Willingen GER"]
[Date "2019.06.14"]
[Round "8"]
[White "Rohde, Ragnar"]
[Black "Pham, Anh Tuan"]
[Result "0-1"]
[Termination "normal"]
[Board "57"]
[WhiteElo "1501"]
[BlackElo "1300"]
[PlyCount "72"]
[WhiteFideId "16287495"]
[BlackFideId "16245229"]
[EventCountry "GER"]
[EventRounds "9"]
[EventType "swiss"]
[EventDate "2019.06.08"]

1. e4 e5 2. Nf3 Nc6 3. Bc4 h6 4. O-O Nf6 5. Re1 d6 6. c3 Bg4 7. Qb3 Bh5 8. Qd1
Be7 9. Bb5 O-O 10. d4 exd4 11. Bxc6 bxc6 12. cxd4 d5 13. e5 Ne4 14. Nbd2 Bb4
15. Re3 Ng5 16. Qf1 Rb8 17. Nxg5 Bxd2 18. Bxd2 Qxg5 19. b3 Rb6 20. Qe1 Qf5 21.
Rc3 Rb4 22. Qe3 Rb6 23. Rac1 Qd7 24. Rc5 Re8 25. Ba5 Rb7 26. Rxc6 Rc8 27. Qc3
Bg4 28. Qd2 Qe7 29. R1c5 Be6 30. Qc3 Qg5 31. Rxc7 Rbxc7 32. Rxc7 Rxc7 33. Bxc7
Qg6 34. Qb2 Bh3 35. g3 Qe4 36. f3 Qe1# 0-1

[Event "ODJM B 2019"]
[Site "Willingen GER"]
[Date "2019.06.14"]
[Round "8"]
[White "Kung, Fanny"]
[Black "Albayrak, Berrak"]
[Result "0-1"]
[Termination "normal"]
[Board "58"]
[WhiteElo "1510"]
[BlackElo "1491"]
[PlyCount "58"]
[WhiteFideId "12987689"]
[BlackFideId "16241657"]
[EventCountry "GER"]
[EventRounds "9"]
[EventType "swiss"]
[EventDate "2019.06.08"]

1. e4 d6 2. d4 Nf6 3. Nc3 g6 4. Be2 Bg7 5. Be3 O-O 6. h4 h5 7. f3 e5 8. d5 c6
9. Qd2 Qc7 10. Bh6 Na6 11. g4 Qb6 12. O-O-O Re8 13. Rf1 Qd4 14. Qg5 Nh7 15. Qe3
Qxe3+ 16. Bxe3 Nc7 17. gxh5 gxh5 18. f4 cxd5 19. Nxd5 Nxd5 20. exd5 Nf6 21.
fxe5 dxe5 22. Bg5 Nxd5 23. Bxh5 Be6 24. Re1 Rac8 25. c3 Nb4 26. Rh2 Nd3+ 27.
Kd2 Nxe1 28. Kxe1 Bxa2 29. Rg2 Kf8 0-1